00258pam a2200109 a 4500020000500000041000500005082001300010100001800023245005800041260003300099300001600132 c h a743bHOD aSusie Hodge . aHow to Draw faces in Simple Steps hTextual Documents a[s.l]:bSearch Press,c2011. a30:bpaper.